<?xml version="1.0" encoding="UTF-8"?>
<collection xmlns:xsi="http://www.w3.org/2001/XMLSchema-instance" xsi:schemaLocation="http://www.loc.gov/MARC21/slim http://www.loc.gov/standards/marcxml/schema/MARC21slim.xsd" xmlns="http://www.loc.gov/MARC21/slim">
 <record>
  <leader>00000ctm a22000004i 4500</leader>
  <controlfield tag="001">UP-99796217612730760</controlfield>
  <controlfield tag="003">Buklod</controlfield>
  <controlfield tag="005">20230504205608.0</controlfield>
  <controlfield tag="006">t     rm   |||| ud</controlfield>
  <controlfield tag="007">ta</controlfield>
  <controlfield tag="008">180412s        xx     d     r    |||| u|</controlfield>
  <datafield tag="035" ind1=" " ind2=" ">
   <subfield code="a">(iLib)UPD-00362012053</subfield>
  </datafield>
  <datafield tag="040" ind1=" " ind2=" ">
   <subfield code="a">DCFA</subfield>
   <subfield code="e">rda</subfield>
  </datafield>
  <datafield tag="041" ind1=" " ind2=" ">
   <subfield code="a">eng</subfield>
   <subfield code="a">fil</subfield>
  </datafield>
  <datafield tag="042" ind1=" " ind2=" ">
   <subfield code="a">DMLUC</subfield>
  </datafield>
  <datafield tag="090" ind1=" " ind2=" ">
   <subfield code="a">LG 993.5 2017 F4</subfield>
   <subfield code="b">C78</subfield>
  </datafield>
  <datafield tag="100" ind1="1" ind2=" ">
   <subfield code="a">Cruz, Clarissa I.</subfield>
   <subfield code="e">author.</subfield>
  </datafield>
  <datafield tag="245" ind1="1" ind2="3">
   <subfield code="a">An advocacy campaign on strengthening the mass movement for free public education up to tertiary level in the Philippines</subfield>
   <subfield code="c">Clarissa I. Cruz ; Conrado Viriña, adviser.</subfield>
  </datafield>
  <datafield tag="264" ind1=" " ind2="1">
   <subfield code="a">Quezon City</subfield>
   <subfield code="b">College of Fine Arts, University of the Philippines Diliman</subfield>
   <subfield code="c">2017.</subfield>
  </datafield>
  <datafield tag="300" ind1=" " ind2=" ">
   <subfield code="a">[3 unnumbered leaves], 50 leaves</subfield>
   <subfield code="b">color illustrations</subfield>
   <subfield code="c">28 cm</subfield>
  </datafield>
  <datafield tag="336" ind1=" " ind2=" ">
   <subfield code="a">text</subfield>
   <subfield code="2">rdacontent</subfield>
  </datafield>
  <datafield tag="337" ind1=" " ind2=" ">
   <subfield code="a">unmediated</subfield>
   <subfield code="2">rdamedia</subfield>
  </datafield>
  <datafield tag="338" ind1=" " ind2=" ">
   <subfield code="a">volume</subfield>
   <subfield code="2">rdacarrier</subfield>
  </datafield>
  <datafield tag="502" ind1=" " ind2=" ">
   <subfield code="a">Thesis (Bachelor of Fine Arts major in Visual Communication)--University of the Philippines Diliman</subfield>
   <subfield code="d">May 2017.</subfield>
  </datafield>
  <datafield tag="504" ind1=" " ind2=" ">
   <subfield code="a">Bibliography : leaves 49-50.</subfield>
  </datafield>
  <datafield tag="520" ind1=" " ind2=" ">
   <subfield code="a">They say that if you can dream it, you can do it. Since we were kids, we were taught to dream and how vital education is in achieving those dreams. We'd be asked questions such as &quot;after you finish your studies, what do you want to be?&quot; We respond by saying that we want to be a pilot, a teacher, an astronaut or whatever we can think of, as if all of it is possible or that we can actually be whatever we want to be. But as we grow up, we begin to see reality and understand how that's not actually the case. We realize that it's not easy to get a college degree; it's not easy to reach your dreams. That is the case for the majority or more than 90% of Filipinos who come from families with low income, or the people we identify as the basic masses. According to data from CHED, 1 in every 10 or about 4 million Filipino children and youth ages 6-25 years old are out-of-school and 9.3% of Filipinos aged 6 and over or about 7.6 million reach college but are not able to graduate, wherein the top reasons for this include the high cost of education and their family's inability to sustain it because of low income. Why is education important? One of the most imporatant reasons is that it is an individual's right, a right that is essential for the practice all our other rights. Another aspects is that it is a powerful tool wherein socially and economically marginalized individuals can lift themselves out of poverty and can then participate fully as citizens for a sustainable development of a country. In the Philippines, there have already been many attempts to make public education free up the tertiary level. One example is the House Bill 4800 or the Comprehensive Free Public Higher Education Act that has been propsed in the Senate last January 2017. However, the government is giving priority to lowering the age of criminalizing or in other words, the government is willing to allocate budget on punishing children of the Philippines rather than giving them education. According to the documents from Kabataan Partylist, the organization that structured the propsed HB4800, having free education uo to the tertiary level is feasible in the Philippines, and is possible if the government opts to prioritize allocating budget for it. Now, the question is what can a simple Filipino citizen do to help fix this situation. The key is that, one of the most basic, accessible and powerful way is to join the mass movement for free education in the Philippines because through this, we show solidarity as citizens of this country and pressure the government into prioritizing this issue. There is an ongoing mass movement for free education up to tertiary level in the Philippines, just as there are ongoing mass movements for education throughout the world. One example is the recent fees must fail in South Africa, which has already won in their call to stop the tuition fee hikes last 2016, and the ongoing million students march in the United States. This thesis tackles the reason behind this current situation of education in the Philippines and a campaign to get the Filipino youth to join the mass movement for free education up to the tertiary level in the Philippines.</subfield>
  </datafield>
  <datafield tag="650" ind1=" " ind2="0">
   <subfield code="a">Education, Higher</subfield>
   <subfield code="x">Law and legislation</subfield>
   <subfield code="z">Philippines.</subfield>
  </datafield>
  <datafield tag="650" ind1=" " ind2="0">
   <subfield code="a">Education, Higher.</subfield>
  </datafield>
  <datafield tag="658" ind1=" " ind2=" ">
   <subfield code="a">Thesis</subfield>
   <subfield code="c">VC200.</subfield>
  </datafield>
  <datafield tag="700" ind1="1" ind2=" ">
   <subfield code="a">Viriña, Conrado</subfield>
   <subfield code="e">adviser.</subfield>
  </datafield>
  <datafield tag="842" ind1=" " ind2=" ">
   <subfield code="a">Thesi</subfield>
  </datafield>
  <datafield tag="852" ind1="0" ind2=" ">
   <subfield code="a">UPD</subfield>
   <subfield code="b">DCFA</subfield>
   <subfield code="h">LG 993.5 2017 F4</subfield>
   <subfield code="i">C78</subfield>
  </datafield>
  <datafield tag="942" ind1=" " ind2=" ">
   <subfield code="a">Thesis</subfield>
  </datafield>
 </record>
</collection>
